[Event "AUTO-OPEN-1955"]
[Site "http://www.queenalice.com/game.php?id=765226"]
[Date "2010.4.23"]
[Round "1"]
[White "acm_chessmaster"]
[Black "andreucb"]
[Result "1-0"]
[WhiteElo "1857"]
[BlackElo "1703"]

1. e4 c5 2. Nf3 d6 3. Bb5+ Bd7 4. Bxd7+ Nxd7 5. O-O Ngf6 6. Nc3 e6 7. d3 Ne5 8.
Nxe5 dxe5 9. Bg5 a6 10. Qf3 Be7 11. Bxf6 Bxf6 12. b3 b5 13. Ne2 g6 14. a4 b4 15.
c4 O-O 16. Rfd1 Be7 17. Qg3 Bh4 18. Qxe5 Bf6 19. Qxc5 Bxa1 20. Rxa1 Qxd3 21. Qe3
Qxe3 22. fxe3 e5 23. Rd1 h5 24. Rd5 Rad8 25. Rxe5 Rfe8 26. Rxe8+ Rxe8 27. Nd4
Rxe4 28. Kf2 Re8 29. h4 Re5 30. Nc6 Rf5+ 31. Ke2 Kg7 32. Ne7 Rc5 33. e4 Re5 34.
Nd5 a5 35. Kf3 f5 36. exf5 Rxf5+ 37. Ke2 Re5+ 38. Ne3 Re4 39. g3 Re5 40. Kd3 Kf6
41. Kd4 Ke6 42. c5 Rxe3 43. Kxe3 Kd5 44. Kf4 Kxc5 45. Kg5 Kd4 46. Kxg6 1-0

[Event "AUTO-OPEN-1955"]
[Site "http://www.queenalice.com/game.php?id=765227"]
[Date "2010.4.23"]
[Round "1"]
[White "andreucb"]
[Black "acm_chessmaster"]
[Result "1-0"]
[WhiteElo "1456"]
[BlackElo "1811"]

1. d4 d5 2. c4 Nf6 3. cxd5 Qxd5 4. Nc3 Qa5 5. Bd2 e6 6. Ne4 Qf5 7. Nc3 Ng4 8.
Nh3 Bb4 9. e4 Qg6 10. Nf4 Qf6 11. Qxg4 Nc6 12. Bb5 Bxc3 13. Bxc3 Bd7 14. O-O a6
15. d5 Ne5 16. Bxd7+ Kxd7 17. Bxe5 Qxe5 18. dxe6+ fxe6 19. Rfd1+ Ke7 20. Nd3 Qf6
21. Nc5 Rhf8 22. Rd7+ Ke8 23. f3 Rf7 24. Rxf7 Kxf7 25. Rd1 Re8 26. Nxb7 Qxb2 27.
Nd8+ Kg8 28. Nxe6 h6 29. Rd7 Qb1+ 30. Kf2 Qxa2+ 31. Kg3 g5 32. Rg7+ Kh8 33. Qf5
Qxg2+ 34. Kxg2 1-0

[Event "AUTO-OPEN-1955"]
[Site "http://www.queenalice.com/game.php?id=765248"]
[Date "2010.4.23"]
[Round "1"]
[White "narutoninja"]
[Black "andreucb"]
[Result "1-0"]
[WhiteElo "1791"]
[BlackElo "1567"]

1. e4 c5 2. Nf3 d6 3. Bc4 Nf6 4. Nc3 Bg4 5. d3 g6 6. O-O Nc6 7. Bg5 Bg7 8. Re1
O-O 9. h3 Bxf3 10. Qxf3 Nd4 11. Qd1 e6 12. e5 dxe5 13. Rxe5 h6 14. Bh4 Qc7 15.
Re3 Nf5 16. Bg3 Qc6 17. Rf3 Nxg3 18. Rxg3 a6 19. d4 1-0

[Event "AUTO-OPEN-1955"]
[Site "http://www.queenalice.com/game.php?id=765249"]
[Date "2010.4.23"]
[Round "1"]
[White "andreucb"]
[Black "narutoninja"]
[Result "0-1"]
[WhiteElo "1577"]
[BlackElo "1783"]

1. d4 d5 2. c4 Nf6 3. cxd5 Nxd5 4. Nf3 Nc6 5. e4 Ndb4 6. Bc4 Bg4 7. a3 Na6 8. h3
Bxf3 9. Qxf3 e6 10. d5 exd5 11. Bxd5 Ne5 12. Qd1 c6 13. Bb3 Nd3+ 14. Ke2 Ndc5
15. Nd2 Be7 16. Qc2 O-O 17. Re1 Re8 18. Kf1 Bg5 19. Qc4 Qf6 0-1

[Event "AUTO-OPEN-1955"]
[Site "http://www.queenalice.com/game.php?id=765262"]
[Date "2010.4.23"]
[Round "1"]
[White "andreucb"]
[Black "Jac"]
[Result "0-1"]
[WhiteElo "1457"]
[BlackElo "1852"]

1. d4 Nf6 2. c4 e6 3. Nf3 Ne4 4. g3 Bb4+ 5. Bd2 Nxd2 6. Nbxd2 b6 7. Bg2 Bb7 8.
O-O O-O 9. a3 Bxd2 10. Qxd2 d5 11. b3 dxc4 12. bxc4 Nd7 13. Nh4 Bxg2 14. Nxg2
Nc5 15. Rad1 Nb3 16. Qb2 Na5 17. Rc1 Qf6 18. Rfd1 c5 19. Qb5 cxd4 20. c5 e5 0-1

[Event "AUTO-OPEN-1955"]
[Site "http://www.queenalice.com/game.php?id=765263"]
[Date "2010.4.23"]
[Round "1"]
[White "Jac"]
[Black "andreucb"]
[Result "1-0"]
[WhiteElo "1848"]
[BlackElo "1585"]

1. e4 e6 2. d4 d5 3. exd5 Qxd5 4. Nc3 Qd8 5. Nf3 Nf6 6. Bg5 Be7 7. Bc4 h6 8.
Bxf6 Bxf6 9. Ne5 O-O 10. O-O Nd7 11. Nxd7 Qxd7 12. d5 e5 13. Ne4 Qf5 14. Nxf6+
Qxf6 15. Qe2 Re8 16. Rad1 b6 17. Rfe1 Bb7 18. Bb3 Rad8 19. c4 c5 20. Qe4 g6 21.
Bc2 Qf4 22. Qxf4 exf4 23. Rxe8+ Rxe8 24. Kf1 Bc8 25. d6 Rd8 26. Ba4 Bd7 27. Bxd7
Rxd7 28. Ke2 a5 29. Kf3 g5 30. Ke4 Kg7 31. Kd5 Rd8 32. Kc6 Kf6 33. Kxb6 Ke6 34.
Kxc5 Rc8+ 35. Kb5 1-0

[Event "BETA II"]
[Site "http://www.queenalice.com/game.php?id=765531"]
[Date "2010.4.24"]
[Round "-"]
[White "rogeriooliveira"]
[Black "andreucb"]
[Result "1-0"]
[WhiteElo "1495"]
[BlackElo "1553"]

1. e4 e6 2. d4 d5 3. e5 b6 4. Nf3 Nc6 5. Nc3 Nge7 6. Bb5 Bd7 7. Bxc6 Nxc6 8. Bg5
Ne7 9. Bxe7 Bxe7 10. O-O O-O 11. Nd2 f6 12. exf6 Bxf6 13. Nf3 c5 14. dxc5 bxc5
15. Ne2 Bxb2 16. Rb1 Rb8 17. Qd3 Qc7 18. Nc3 c4 19. Qd1 h6 20. Nh4 Bxc3 21. Rxb8
Rxb8 22. Qg4 1-0

[Event "BETA IV"]
[Site "http://www.queenalice.com/game.php?id=765533"]
[Date "2010.4.24"]
[Round "-"]
[White "rogeriooliveira"]
[Black "andreucb"]
[Result "1-0"]
[WhiteElo "1513"]
[BlackElo "1532"]

1. e4 c5 2. d4 cxd4 3. Qxd4 Nc6 4. Qd5 Nf6 5. Qd3 d5 6. exd5 Nxd5 7. c4 Ndb4 8.
Qd2 Bf5 9. Qxd8+ Rxd8 10. a3 Nc2+ 11. Ke2 Nxa1 12. Bg5 Bxb1 13. Nf3 h6 14. Be3
e6 15. g3 Bd3+ 16. Kd2 Be4+ 17. Ke2 Bxf3+ 18. Kxf3 Bd6 19. Bd3 Nb3 20. Bc2 Nbd4+
21. Bxd4 1-0

[Event "AUTO-OPEN-1956"]
[Site "http://www.queenalice.com/game.php?id=765560"]
[Date "2010.4.24"]
[Round "1"]
[White "andreucb"]
[Black "punk"]
[Result "1-0"]
[WhiteElo "1564"]
[BlackElo "1950"]

1. d4 d5 2. c4 c6 3. Nf3 Nf6 4. Nc3 e6 5. Bg5 Be7 6. h3 Nbd7 7. Ne5 Nxe5 8. dxe5
Nd7 9. Bd2 Nxe5 10. cxd5 cxd5 11. e3 O-O 12. Be2 Bd7 13. O-O a6 14. Qc2 Rc8 15.
Qb3 b5 16. Qc2 b4 17. Bxa6 bxc3 18. Bxc3 Rc7 19. Qe2 Ng6 20. Bd3 e5 21. Ba5 e4
22. Bxc7 1-0

[Event "AUTO-OPEN-1956"]
[Site "http://www.queenalice.com/game.php?id=765561"]
[Date "2010.4.24"]
[Round "1"]
[White "punk"]
[Black "andreucb"]
[Result "0-1"]
[WhiteElo "1950"]
[BlackElo "1662"]

1. d4 Nf6 2. c4 e6 3. Nc3 d5 4. e3 g6 5. Nf3 Bg7 6. Bd3 Nc6 7. O-O O-O 8. Bd2 a6
9. cxd5 exd5 10. h3 Ng4 11. hxg4 Bxg4 12. Be2 Re8 13. a3 Na5 14. Rc1 Bxf3 15.
Bxf3 c6 16. b3 Qc7 17. Nxd5 Qd6 18. Bxa5 cxd5 19. Bb4 Qf6 20. Bxd5 Qb6 21. Qf3
Qf6 22. Qxf6 Bxf6 0-1

[Event "AUTO-OPEN-1956"]
[Site "http://www.queenalice.com/game.php?id=765562"]
[Date "2010.4.24"]
[Round "1"]
[White "andreucb"]
[Black "PRINCIFOR"]
[Result "0-1"]
[WhiteElo "1739"]
[BlackElo "1785"]

1. e4 c5 2. Nf3 Nc6 3. Nc3 e6 4. a3 d6 5. d4 cxd4 6. Nxd4 Nf6 7. f3 Be7 8. Be3
O-O 9. Be2 a6 10. O-O e5 11. Nf5 Bxf5 12. exf5 d5 13. Na4 d4 14. Bf2 b5 15. c4
bxa4 16. Qxa4 Qc7 17. c5 Nd5 18. Bc4 Nf6 19. Bxa6 Nb8 20. f4 Rxa6 21. Qb5 Ng4
22. Rad1 Nxf2 23. Rxf2 Qxc5 24. Qb7 Rb6 25. Qf3 f6 26. Re2 Nc6 27. b4 Qd6 28.
Rc1 exf4 29. Re6 Ne5 30. Qxf4 Qd8 31. Rxb6 Qxb6 32. Qd2 Rd8 33. Kh1 Qb7 34. Qf2
d3 35. Rd1 Ng4 36. Qg3 Qe4 0-1

[Event "AUTO-OPEN-1956"]
[Site "http://www.queenalice.com/game.php?id=765563"]
[Date "2010.4.24"]
[Round "1"]
[White "PRINCIFOR"]
[Black "andreucb"]
[Result "1-0"]
[WhiteElo "1854"]
[BlackElo "1558"]

1. d4 Nf6 2. c4 e6 3. a3 g6 4. Nf3 Bg7 5. Nc3 d6 6. e4 O-O 7. Be2 c6 8. O-O Re8
9. Bg5 Nbd7 10. e5 dxe5 11. dxe5 h6 12. exf6 Nxf6 13. Qxd8 Rxd8 14. Bh4 a6 15.
Rad1 Bd7 16. Bxf6 Bxf6 17. Na4 e5 18. Nc5 Bc8 19. Rxd8+ Bxd8 20. Nxe5 Bb6 21.
Ne4 Bd4 22. Nd3 Bf5 23. Nc3 Re8 24. Nc1 h5 25. Re1 Bc2 26. Kf1 h4 27. Bd3 Rxe1+
28. Kxe1 Bxd3 29. Nxd3 g5 30. Ne4 g4 31. b4 Kg7 32. f3 f5 33. Ng5 Kg6 34. Ne6
Bc3+ 35. Ke2 h3 36. gxh3 gxh3 37. Nd8 Bd4 38. Nxb7 Bg1 39. Nf4+ Kg5 40. Nxh3+
1-0

[Event "AUTO-OPEN-1956"]
[Site "http://www.queenalice.com/game.php?id=765564"]
[Date "2010.4.24"]
[Round "1"]
[White "andreucb"]
[Black "ishamael13"]
[Result "0-1"]
[WhiteElo "1457"]
[BlackElo "1938"]

1. d4 d5 2. c4 e6 3. Nc3 Nf6 4. Nf3 c5 5. e3 Nc6 6. Be2 Be7 7. O-O O-O 8. Bd3 b6
9. e4 cxd4 10. Ne2 dxe4 11. Nexd4 Nxd4 12. Ne5 exd3 13. Qxd3 Bb7 14. Bg5 Be4 15.
Qg3 Ne2+ 16. Kh1 Nxg3+ 0-1

[Event "AUTO-OPEN-1956"]
[Site "http://www.queenalice.com/game.php?id=765565"]
[Date "2010.4.24"]
[Round "1"]
[White "ishamael13"]
[Black "andreucb"]
[Result "1-0"]
[WhiteElo "1923"]
[BlackElo "1589"]

1. e4 c5 2. Nf3 Nc6 3. Be2 Nf6 4. Nc3 d5 5. exd5 Nxd5 6. O-O e5 7. Bb5 Bd7 8.
Nxd5 Bg4 9. c4 Be7 10. Qb3 O-O 11. Bxc6 bxc6 12. Nxe7+ Qxe7 13. Re1 e4 14. d4
Bxf3 15. Qxf3 Qh4 16. Rxe4 Rfe8 17. Bf4 cxd4 18. Rae1 Rxe4 19. Rxe4 Qd8 20. c5
Qd7 21. Bd6 Re8 22. Qe2 Rxe4 23. Qxe4 h6 24. Qxd4 Qf5 25. Qd1 Qe6 26. a4 a6 27.
a5 Qa2 28. b4 Qc4 29. Qe1 Qb3 30. f3 Qd5 31. Qe8+ Kh7 32. Qe4+ Qxe4 33. fxe4 1-0

[Event "AUTO-BEG-394"]
[Site "http://www.queenalice.com/game.php?id=773509"]
[Date "2010.5.10"]
[Round "1"]
[White "Aadii"]
[Black "andreucb"]
[Result "1-0"]
[WhiteElo "1626"]
[BlackElo "1650"]

1. d4 Nf6 2. c4 d5 3. e3 g6 4. cxd5 Nxd5 5. Nc3 e6 6. Nf3 Bg7 7. e4 Nxc3 8. bxc3
c5 9. Bb5+ Nd7 10. O-O O-O 11. Ba3 b6 12. Rc1 Re8 13. Qc2 a6 14. Bxd7 Qxd7 15.
Rfd1 Qc7 16. Qb3 Bb7 17. Re1 Rad8 18. Qc4 Bh6 19. Rcd1 b5 20. Qxc5 Qf4 21. Qe5
Qxe5 22. Nxe5 Bg7 23. Ng4 h5 24. Ne3 Bxe4 25. Bb4 Rc8 26. f3 Bb7 27. Kf2 Red8
28. f4 Be4 29. g3 f5 30. h3 Ra8 31. a3 a5 32. Bc5 Rac8 33. g4 1-0

[Event "AUTO-BEG-394"]
[Site "http://www.queenalice.com/game.php?id=773510"]
[Date "2010.5.10"]
[Round "1"]
[White "andreucb"]
[Black "Aadii"]
[Result "0-1"]
[WhiteElo "1684"]
[BlackElo "1607"]

1. e4 e5 2. Nf3 Nc6 3. Bb5 d6 4. O-O a6 5. Bxc6+ bxc6 6. Nc3 Bg4 7. h3 Bh5 8. d3
Nf6 9. b4 a5 10. b5 cxb5 11. Nxb5 c6 12. Nc3 Be7 13. Be3 O-O 14. Rb1 Nd7 15. g4
Bg6 16. Rb7 h5 17. g5 Nc5 18. Rb6 Qxb6 19. d4 exd4 20. Bxd4 Qd8 21. h4 Nxe4 22.
Re1 Nxc3 23. Bxc3 Re8 24. Qd4 f6 25. Qc4+ Bf7 26. Qxc6 fxg5 27. Nxg5 Bxg5 28.
Rxe8+ Bxe8 29. Qd5+ Bf7 30. Qg2 Bh6 31. a4 Rc8 0-1